<?xml version="1.0" encoding="UTF-8"?><?xml-stylesheet type="text/xsl" href="static/style.xsl"?><OAI-PMH xmlns="http://www.openarchives.org/OAI/2.0/" xmlns:xsi="http://www.w3.org/2001/XMLSchema-instance" xsi:schemaLocation="http://www.openarchives.org/OAI/2.0/ http://www.openarchives.org/OAI/2.0/OAI-PMH.xsd"><responseDate>2026-06-06T18:04:53Z</responseDate><request verb="GetRecord" identifier="oai:riuma.uma.es:10630/23957" metadataPrefix="marc">https://riuma.uma.es/rest/oai/request</request><GetRecord><record><header><identifier>oai:riuma.uma.es:10630/23957</identifier><datestamp>2026-02-03T11:04:03Z</datestamp><setSpec>com_10630_2254</setSpec><setSpec>col_10630_37953</setSpec></header><metadata><record xmlns="http://www.loc.gov/MARC21/slim" xmlns:dcterms="http://purl.org/dc/terms/" xmlns:doc="http://www.lyncode.com/xoai" xmlns:xsi="http://www.w3.org/2001/XMLSchema-instance" xsi:schemaLocation="http://www.loc.gov/MARC21/slim http://www.loc.gov/standards/marcxml/schema/MARC21slim.xsd">
   <leader>00925njm 22002777a 4500</leader>
   <datafield ind2=" " ind1=" " tag="042">
      <subfield code="a">dc</subfield>
   </datafield>
   <datafield ind2=" " ind1=" " tag="720">
      <subfield code="a">García-González, Jorge</subfield>
      <subfield code="e">author</subfield>
   </datafield>
   <datafield ind2=" " ind1=" " tag="720">
      <subfield code="a">Molina-Cabello, Miguel Ángel</subfield>
      <subfield code="e">author</subfield>
   </datafield>
   <datafield ind2=" " ind1=" " tag="720">
      <subfield code="a">Luque-Baena, Rafael Marcos</subfield>
      <subfield code="e">author</subfield>
   </datafield>
   <datafield ind2=" " ind1=" " tag="720">
      <subfield code="a">Ortiz-de-Lazcano-Lobato, Juan Miguel</subfield>
      <subfield code="e">author</subfield>
   </datafield>
   <datafield ind2=" " ind1=" " tag="720">
      <subfield code="a">López-Rubio, Ezequiel</subfield>
      <subfield code="e">author</subfield>
   </datafield>
   <datafield ind2=" " ind1=" " tag="260">
      <subfield code="c">2021-12</subfield>
   </datafield>
   <datafield ind2=" " ind1=" " tag="520">
      <subfield code="a">Air quality and reduction of emissions in the transport sector are determinant factors in achieving a sustainable global climate. The monitoring of emissions in traffic routes can help to improve route planning and to design strategies that may make the pollution levels to be reduced. In this work, a method which detects the pollution levels of transport vehicles from the images of IP cameras by means of computer vision techniques and neural networks is proposed. Specifically, for each sequence of images, a homography is calculated to correct the camera perspective and determine the real distance for each pixel. Subsequently, the trajectory of each vehicle is computed by applying convolutional neural networks for object detection and tracking algorithms. Finally, the speed in each frame and the pollution emitted by each vehicle are determined. Experimental results on several datasets available in the literature support the feasibility and scalability of the system as an emission control strategy.</subfield>
   </datafield>
   <datafield ind1="8" ind2=" " tag="024">
      <subfield code="a">García-González, Jorge ; Molina Cabello, Miguel Ángel ; Luque-Baena, Rafael ; Ortiz-de-lazcano-Lobato, Juan Miguel ; López-Rubio, Ezequiel. Road pollution estimation from vehicle tracking in surveillance videos by deep convolutional neural networks.Applied Soft Computing Volume 113, Part B, December 2021, 107950.  https://doi.org/10.1016/j.asoc.2021.107950</subfield>
   </datafield>
   <datafield ind1="8" ind2=" " tag="024">
      <subfield code="a">https://hdl.handle.net/10630/23957</subfield>
   </datafield>
   <datafield ind1="8" ind2=" " tag="024">
      <subfield code="a">10.1016/j.asoc.2021.107950</subfield>
   </datafield>
   <datafield tag="653" ind2=" " ind1=" ">
      <subfield code="a">Aire - Contaminación</subfield>
   </datafield>
   <datafield ind2="0" ind1="0" tag="245">
      <subfield code="a">Road pollution estimation from vehicle tracking in surveillance videos by deep convolutional neural networks</subfield>
   </datafield>
</record>
</metadata></record></GetRecord></OAI-PMH>